LEADER 01466nam--2200397---450- 001 990000496740203316 005 20050719125544.0 035 $a0049674 035 $aUSA010049674 035 $a(ALEPH)000049674USA01 035 $a0049674 100 $a20010607d1995----km-y0itay0103----ba 101 $aeng 102 $aBE 105 $a||||||||001yy 200 1 $aCulture and human activity for overcoming poverty$eproceedings of the European colloquium on the role of culture in combating poverty and of the 4th European session of the fourth World people's University meetings$eBrussels, 8-9 june 1995 210 $aBrussels$cInternational Movement ATD fourth World$dc1995 215 $a101 p.$d30 cm 410 $12001 461 1$1001-------$12001 676 $a341.2422 699 $aCDE 02.05$bServizi sociali 710 02$aCOMMISSIONE EUROPEA :$bDirezione generale Informazione, comunicazione, cultura e audiovisivo$0541546 801 0$aIT$bsalbc$gISBD 912 $a990000496740203316 951 $aCDE 02.05 (X)$bCDE 406$cCDE 02.05$d00148974 959 $aBK 969 $aCDE 979 $aPATTY$b90$c20010607$lUSA01$h1358 979 $c20020403$lUSA01$h1658 979 $aPATRY$b90$c20040406$lUSA01$h1634 979 $aCDE$b90$c20050719$lUSA01$h1255 979 $aMARIAS$b90$c20080220$lUSA01$h1135 979 $aMARIAS$b90$c20080220$lUSA01$h1135 996 $aCulture and human activity for overcoming poverty$9887668 997 $aUNISA LEADER 02263nam 2200565 450 001 9910453578303321 005 20200520144314.0 010 $a3-11-151855-8 024 7 $a10.1515/9783111518558 035 $a(CKB)2550000001198897 035 $a(EBL)3045265 035 $a(OCoLC)922948511 035 $a(SSID)ssj0001154139 035 $a(PQKBManifestationID)11663927 035 $a(PQKBTitleCode)TC0001154139 035 $a(PQKBWorkID)11161080 035 $a(PQKB)11275246 035 $a(MiAaPQ)EBC3045265 035 $a(DE-B1597)97655 035 $a(OCoLC)979593103 035 $a(DE-B1597)9783111518558 035 $a(Au-PeEL)EBL3045265 035 $a(CaPaEBR)ebr10829508 035 $a(EXLCZ)992550000001198897 100 $a19860530d1983 uy| 0 101 0 $afre 135 $aur|n|---||||| 181 $ctxt 182 $cc 183 $acr 200 13$aLa carte manuscrite et imprime?e du XVIe au XIXe sie?cle /$fJourne?e d'e?tude sur l'histoire du livre et des documents graphiques, Valenciennes, 17 novembre 1981 ; sous la direction de Fre?de?ric Barbier 205 $aReprint 2013 210 1$aMu?nchen ;$aNew York :$cK.G. Saur,$d1983. 215 $a1 online resource (132 p.) 300 $aDescription based upon print version of record. 311 $a3-598-10478-2 320 $aIncludes bibliographical references. 327 $aConfection et commerce des cartes a? Paris aux XVIo et XVIIo sie?cles / Mireille Pastoureau -- Les cartes anciennes du Service hydrographique de la marine conserve?es aux Archives nationales / Etienne Taillemite -- Les cartes du Hainaut leve?es au de?but du XVIIIo sie?cle par les inge?nieurs-ge?ographes Masse / Rene? Faille -- La ge?ographie, source d'histoire / Louis Trenard -- De l'utilite? des arpenteurs du XVIIIo sie?cle / Monique Pelletier. 606 $aCartography$xHistory$vCongresses 608 $aElectronic books. 615 0$aCartography$xHistory 676 $a526/.09 701 $aBarbier$b Fre?de?ric$0383108 801 0$bMiAaPQ 801 1$bMiAaPQ 801 2$bMiAaPQ 906 $aBOOK 912 $a9910453578303321 996 $aLa carte manuscrite et imprime?e du XVIe au XIXe sie?cle$92122925 997 $aUNINA LEADER 01438nam 2200409 450 001 9910671045003321 005 20190702105710.0 010 $a958-774-662-7 035 $a(CKB)4100000007545595 035 $a(MiAaPQ)EBC5636579 035 $a(OCoLC)1128732176 035 $a(FlNmELB)ELB70679 035 $a(EXLCZ)994100000007545595 100 $a20190415d2016 uy 0 101 0 $aspa 135 $aurcnu|||||||| 181 $2rdacontent 182 $2rdamedia 183 $2rdacarrier 200 00$aObra de Francisco Leal Buitrago$hTomo iv ;$eestudios sobre la seguridad nacional en Colombia I$iLa contribucio?n de Francisco Leal Buitrago /$fAngelika Rettberg Laura Wills-Otero Armando Borrero Mansilla (edicio?n acade?mica y compilacio?n) 210 1$aBogota? :$cUniversidad de los Andes,$d2016. 215 $a1 online resource (volu?menes) $cilustraciones, fotos 311 $a958-774-661-9 606 $aSeguridad nacional$zColombia$xHistoria 607 $aColombia$xPolitics and government 608 $aLibros electronicos. 615 4$aSeguridad nacional$xHistoria. 676 $a320.9861 701 $aWills-Otero$b Laura$01334510 701 $aBorrero Mansilla$b Armando$01334515 701 $aRettberg$b Angelika$01046088 801 0$bFINmELB 801 1$bFINmELB 906 $aBOOK 912 $a9910671045003321 996 $aObra de Francisco Leal Buitrago$93046050 997 $aUNINA